Loading...
| Literature - British | 0 | 7 | 0 | 0 | 70 | 18 | 79.29 | 3 | 7 | 13.99 | 25.00 |
| Fine Arts - Painting & Sculpture | 0 | 4 | 0 | 0 | 40 | 72 | 86.75 | 2 | 4 | 0.00 | 0.00 |
| History - American | 0 | 4 | 0 | 0 | 40 | 54 | 85.50 | 1 | 4 | 24.85 | 50.00 |
| History - European | 0 | 5 | 2 | 0 | 40 | 47 | 81.60 | 2 | 5 | 13.23 | 33.33 |
| Literature - European | 0 | 5 | 2 | 0 | 40 | 43 | 103.80 | 2 | 5 | 6.37 | 8.33 |
| Philosophy | 0 | 3 | 0 | 0 | 30 | 76 | 101.00 | 0 | 3 | 3.50 | 12.50 |
| History - Other | 0 | 3 | 0 | 1 | 30 | 60 | 99.67 | 1 | 3 | 14.99 | 41.67 |
| Mythology | 0 | 3 | 0 | 0 | 30 | 64 | 80.67 | 1 | 3 | 0.00 | 0.00 |
| Literature - World | 0 | 3 | 1 | 1 | 25 | 81 | 106.33 | 1 | 3 | 0.00 | 0.00 |
| History - World | 0 | 3 | 1 | 1 | 25 | 64 | 92.00 | 1 | 3 | 27.80 | 41.67 |
| Religion | 0 | 2 | 0 | 1 | 20 | 122 | 125.00 | 0 | 2 | 0.00 | 0.00 |
| Other | 0 | 2 | 0 | 1 | 20 | 101 | 112.50 | 0 | 2 | 0.00 | 0.00 |
| Fine Arts - Other | 0 | 2 | 1 | 0 | 15 | 66 | 78.00 | 1 | 2 | 0.00 | 0.00 |
| Literature - American | 0 | 2 | 1 | 0 | 15 | 40 | 87.50 | 1 | 2 | 6.75 | 8.33 |
| Social Science | 0 | 1 | 1 | 0 | 5 | 74 | 74.00 | 1 | 1 | 4.10 | 11.11 |